In welchem Land wurde das Bild aufgenommen? - Statistiken

Allgemein
  • Dieses Quiz wurde 238 mal gespielt
  • Das Durchschnittsergebnis liegt bei 13 aus 16
Antwortstatistiken
Bildquiz Antwort % Korrekt
Ägypten
99%
Brasilien
98%
Deutschland
98%
Australien
97%
Russland
94%
Japan
93%
Frankreich
92%
Italien
92%
USA
89%
Mexiko
78%
Türkei
70%
Mongolei
62%
Kambodscha
61%
China
60%
Portugal
55%
Sudan
49%
Keine übereinstimmenden Quizze gefunden
Verteilung der Resultate
Anzahl Personen mit jedem Resultat
Perzentil nach korrekt beantworteten Fragen
Ihre Resultats-Entwicklung
Sie haben dieses Quiz noch nicht gespielt